| 000 | 00818ngm a2200229 a 4500 | ||
|---|---|---|---|
| 005 | 20240925070101.0 | ||
| 008 | 050913s2003 mx 026 aaspa d | ||
| 035 | _aUPN01000140088 | ||
| 049 | _aAV | ||
| 050 | 4 | _aDVD LC 25 | |
| 245 | 0 | 4 |
_aLas aventuras de : _bla primera navidad. |
| 260 |
_aMéxico : _bEurolatinoamericano, _c2003. |
||
| 300 |
_a1 DVD (26 min.) : _bson., col. ; _c4 3/4 plg. |
||
| 440 | 0 | _aValores y familia : El Amor | |
| 440 | 4 | _aLas aventuras de Juan el molinero | |
| 520 | _aJuan y Nina están muy contentos porque se acerca la Navidad, mientras sacan las figuritas del nacimiento, Juan va contando la historia de cada uno de los personajes | ||
| 650 | 4 |
_aEducación moral _91396 |
|
| 650 | 4 |
_aAmor _94320 |
|
| 650 | 4 |
_aValores _9308 |
|
| 650 | 4 |
_aNAVIDAD _919631 |
|
| 905 | _aAudiovisuales | ||
| 999 |
_c112236 _d112236 |
||